Online Catalogue and eLibrary

Akkara paha (Record no. 4924)

MARC details
000 -LEADER
fixed length control field 00365nam a2200157Ia 4500
005 - DATE AND TIME OF LATEST TRANSACTION
control field 20250411051225.0
008 - FIXED-LENGTH DATA ELEMENTS--GENERAL INFORMATION
fixed length control field 240331s9999 xx 000 0 und d
020 ## - INTERNATIONAL STANDARD BOOK NUMBER
ISBN 9552102006
082 ## - DDC Classification
Item Number - Author Mark RAT
Class No. 891
100 ## - MAIN ENTRY--PERSONAL NAME
Personal name Ratnayake,M.S
245 #0 - TITLE STATEMENT
Title Akkara paha
260 ## - PUBLICATION, DISTRIBUTION, ETC.
Place of publication, distribution, etc. Colombo
Name of publisher, distributor, etc. M.D.Gunasena Book
Date of publication, distribution, etc. 1991
300 ## - PHYSICAL DESCRIPTION
Extent (e.g. Volumes, Pages etc.) 261 p .,
650 ## - SUBJECT ADDED ENTRY--TOPICAL TERM
Topical term or geographic name entry element Love Story
942 ## - Koha item type (Biblio)
Koha item type Books in Stacks (Lending)
Holdings
Lost status Damaged status Collection code Home library Current library Shelving location Date acquired Full call number Accession Number Item type
    Lending WERC Library WERC Library Social Science Cupboard 03/31/2024 891.48 RAT 1032 Books in Stacks (Lending)

© WERC Library